000 00996nam a2200253Ia 4500
003 OSt
005 20220916110902.0
006 a|||||r|||| 00| 0
007 ta
008 220915b |||||||| |||| 00| 0 hin d
024 _a268853
037 _cTextbook
040 _bhin
_aARTS
_cARTS
041 _ahin
082 _aO15:gx3,K:g, 152K8
100 _aत्रिपाठी, जयशंकर
245 0 _aआचार्य दण्डी एवं संस्कृत काव्यशास्त्र का इतिहास दर्शन
246 _aĀchārya daṇḍī evan sanskṛut kāvyashāstra kā itihās darshana
260 _aइलाहाबाद
_bलोकभारती प्रकाशन भारत
_c1968
300 _a454पण्
_ccm.
650 _aहिन्दी साहित्य
942 _hO15:gx3,K:g, 152K8
_cTB
_2CC
999 _c100359
_d100359